[Event "Agios Nikolaos op 3rd"]
[Site "Agios Ioannis"]
[Date "2019.08.27"]
[Round "2"]
[White "Gialytis, Aristarchos"]
[Black "Koumis, Filippos"]
[Result "0-1"]
[WhiteElo "1095"]
[BlackElo "1601"]
[PlyCount "90"]
[EventDate "2019.08.26"]
[EventType "swiss"]
[EventRounds "9"]
[EventCountry "GRE"]
[SourceTitle "EXT 2020"]
[Source "ChessBase"]
[SourceDate "2019.10.17"]
[SourceVersion "1"]
[SourceVersionDate "2019.10.17"]
[SourceQuality "1"]

1. e4 c5 2. Bc4 Nc6 3. Nf3 e6 4. 0-0 a6 5. a3 Nf6 6. d3 d5 7. exd5 exd5 8. Re1+ Be7 9. Ba2 0-0 10. Nc3 Bg4 11. Bg5 h6 12. Bxf6 Bxf6 13. Bxd5 Bxc3 14. bxc3 Qxd5 15. Rb1 Bxf3 16. Qxf3 Qxf3 17. gxf3 b5 18. Kh1 Rfe8 19. Rxe8+ Rxe8 20. f4 Re2 21. Kg2 Rxc2 22. c4 bxc4 23. dxc4 Rxc4 24. Rb6 Nd4 25. Rxa6 Rc1 26. a4 c4 27. a5 c3 28. Rb6 c2 29. a6 Ra1 30. a7 Rxa7 31. Rb8+ Kh7 32. Rc8 Ra1 33. Rxc2 Nxc2 34. h3 Kg6 35. Kg3 Kf5 36. Kf3 Ra3+ 37. Ke2 Kxf4 38. Kd2 Nd4 39. Ke1 Ra2 40. Kf1 Kf3 41. Ke1 Rxf2 42. Kd1 Ke3 43. Ke1 Rf3 44. h4 h5 45. Kd1 Rf1# 0-1

[Event "Agios Nikolaos op 3rd"]
[Site "Agios Ioannis"]
[Date "2019.08.27"]
[Round "3"]
[White "Stoumbos, Konstantinos"]
[Black "Koumis, Filippos"]
[Result "1-0"]
[WhiteElo "2223"]
[BlackElo "1601"]
[PlyCount "49"]
[EventDate "2019.08.26"]
[EventType "swiss"]
[EventRounds "9"]
[EventCountry "GRE"]
[SourceTitle "EXT 2020"]
[Source "ChessBase"]
[SourceDate "2019.10.17"]
[SourceVersion "1"]
[SourceVersionDate "2019.10.17"]
[SourceQuality "1"]

1. e4 c6 2. d4 d5 3. e5 Bf5 4. Nf3 e6 5. Be2 c5 6. 0-0 Nc6 7. Be3 cxd4 8. Nxd4 Nxd4 9. Qxd4 Ne7 10. g4 Be4 11. f3 Bg6 12. f4 Nc6 13. Qa4 Qd7 14. Nc3 h5 15. f5 Bh7 16. Rad1 hxg4 17. fxe6 fxe6 18. Bxg4 Nxe5 19. Qxd7+ Nxd7 20. Bxe6 Bxc2 21. Rd2 Bg6 22. Nxd5 Bd6 23. Nf4 Bxf4 24. Bxd7+ Ke7 25. Rxf4 1-0

[Event "Hersonissos op 3rd"]
[Site "Hersonissos"]
[Date "2019.05.23"]
[Round "9"]
[White "Koumis, Filippos"]
[Black "Dagkonaki, Aspasia"]
[Result "1/2-1/2"]
[WhiteElo "1567"]
[BlackElo "1419"]
[PlyCount "37"]
[EventDate "2019.05.15"]
[EventType "swiss"]
[EventRounds "9"]
[EventCountry "GRE"]
[SourceTitle "CBM 190 Extra"]
[Source "ChessBase"]
[SourceDate "2019.07.15"]
[SourceVersion "1"]
[SourceVersionDate "2019.07.15"]
[SourceQuality "1"]

1. e4 e5 2. Nf3 Nc6 3. Bb5 a6 4. Ba4 d6 5. d4 exd4 6. Nxd4 Bd7 7. Nc3 b5 8. Bb3 g6 9. Nxc6 Bxc6 10. Qd4 Qf6 11. Be3 Bg7 12. 0-0-0 Qxd4 13. Bxd4 Bxd4 14. Rxd4 Nf6 15. Nd5 Bxd5 16. Bxd5 Nxd5 17. exd5 0-0 18. Re4 Rfe8 19. Rhe1 1/2-1/2

[Event "Hersonissos op 3rd"]
[Site "Hersonissos"]
[Date "2019.05.15"]
[Round "1"]
[White "Koumis, Filippos"]
[Black "Lirindzakis, Timotheos"]
[Result "0-1"]
[WhiteElo "1567"]
[BlackElo "2158"]
[PlyCount "96"]
[EventDate "2019.05.15"]
[EventType "swiss"]
[EventRounds "9"]
[EventCountry "GRE"]
[SourceTitle "CBM 190 Extra"]
[Source "ChessBase"]
[SourceDate "2019.07.15"]
[SourceVersion "1"]
[SourceVersionDate "2019.07.15"]
[SourceQuality "1"]

1. e4 e5 2. Nf3 Nc6 3. Bb5 a6 4. Ba4 Nf6 5. 0-0 Be7 6. Re1 b5 7. Bb3 d6 8. c3 0-0 9. h3 Na5 10. Bc2 c5 11. d4 Qc7 12. Nbd2 cxd4 13. cxd4 Bd7 14. Nf1 Rac8 15. Ne3 Rfe8 16. b3 Nc6 17. Bb2 Qb8 18. Rc1 Bd8 19. dxe5 dxe5 20. Nd5 Be6 21. a3 Nd7 22. Qd2 f6 23. Nh4 Ne7 24. Bb1 Nb6 25. Rxc8 Qxc8 26. Rc1 Qb7 27. Qc2 Bf7 28. f4 Ng6 29. Nxg6 Bxg6 30. f5 Bf7 31. Nb4 Be7 32. Qc7 Qxc7 33. Rxc7 Bxb4 34. axb4 Bxb3 35. Rc6 Nc4 36. Bc3 Rd8 37. Rxa6 Rd1+ 38. Kf2 Rxb1 39. Ra8+ Kf7 40. Ra7+ Kf8 41. Ra8+ Ke7 42. Ra7+ Kd8 43. Rxg7 Nd6 44. Ke3 Rc1 45. Bd2 Rc7 46. Rg3 Bc2 47. Rg8+ Kd7 48. Rf8 Nxe4 0-1

[Event "Heraklion op 23rd"]
[Site "Heraklion"]
[Date "2018.04.12"]
[Round "5"]
[White "Koumis, Filippos"]
[Black "Sourgkounis, Angelos"]
[Result "0-1"]
[WhiteElo "1627"]
[BlackElo "1996"]
[PlyCount "62"]
[EventDate "2018.04.09"]
[EventType "swiss"]
[EventRounds "9"]
[EventCountry "GRE"]
[SourceTitle "CBM 184 Extra"]
[Source "ChessBase"]
[SourceDate "2018.06.28"]
[SourceVersion "1"]
[SourceVersionDate "2018.06.28"]
[SourceQuality "1"]

1. d4 Nf6 2. c4 d6 3. Nc3 g6 4. Nf3 Bg7 5. Bf4 0-0 6. e3 Nbd7 7. h3 Re8 8. Bd3 e5 9. Bg5 h6 10. dxe5 dxe5 11. Bxf6 Nxf6 12. Qc2 Qe7 13. e4 c6 14. 0-0-0 Nd7 15. Rd2 Nc5 16. Be2 Ne6 17. Rhd1 Nd4 18. Nxd4 exd4 19. Na4 Bd7 20. b3 b5 21. Nb2 a5 22. Rxd4 Bxd4 23. Rxd4 Be6 24. Qd2 a4 25. cxb5 axb3 26. a4 Qa3 27. Kd1 cxb5 28. Bxb5 Rec8 29. Nc4 Qa1+ 30. Ke2 Qa2 31. Kf3 Bxc4 0-1

[Event "Heraklion op 19th"]
[Site "Heraklion"]
[Date "2017.01.06"]
[Round "6"]
[White "Koumis, Filippos"]
[Black "Papidakis, Georgios"]
[Result "1-0"]
[WhiteElo "1648"]
[BlackElo "1503"]
[PlyCount "59"]
[EventDate "2017.01.02"]
[EventType "swiss"]
[EventRounds "9"]
[EventCountry "GRE"]
[SourceTitle "CBM 176 Extra"]
[Source "ChessBase"]
[SourceDate "2017.03.02"]
[SourceVersion "1"]
[SourceVersionDate "2017.03.02"]
[SourceQuality "1"]

1. Nf3 Nf6 2. c4 e6 3. g3 Be7 4. Bg2 d6 5. d3 Nc6 6. Nc3 e5 7. e4 0-0 8. 0-0 Ne8 9. Nd5 f5 10. Nxe7+ Qxe7 11. Bg5 Qf7 12. exf5 Bxf5 13. Qb3 Rb8 14. Be3 a6 15. Nh4 Nd8 16. f4 Qe7 17. Nxf5 Rxf5 18. c5+ Kh8 19. fxe5 Rxe5 20. Bd4 h6 21. Bxe5 dxe5 22. c6 b6 23. Rae1 Nxc6 24. Bxc6 Qc5+ 25. Rf2 Qxc6 26. Rf8+ Kh7 27. Qg8+ Kg6 28. Qf7+ Kh7 29. Qf5+ g6 30. Qf7+ 1-0

[Event "Heraklion op 19th"]
[Site "Heraklion"]
[Date "2017.01.03"]
[Round "2"]
[White "Koumis, Filippos"]
[Black "Aggelakis, Ilias"]
[Result "1/2-1/2"]
[WhiteElo "1648"]
[BlackElo "1373"]
[PlyCount "57"]
[EventDate "2017.01.02"]
[EventType "swiss"]
[EventRounds "9"]
[EventCountry "GRE"]
[SourceTitle "CBM 176 Extra"]
[Source "ChessBase"]
[SourceDate "2017.03.02"]
[SourceVersion "1"]
[SourceVersionDate "2017.03.02"]
[SourceQuality "1"]

1. d4 d5 2. c4 c6 3. Nc3 Nf6 4. Nf3 Bf5 5. g3 e6 6. Bg2 Bb4 7. 0-0 Nbd7 8. a3 Be7 9. b3 0-0 10. Bf4 Ne4 11. Nxe4 Bxe4 12. Nd2 Bxg2 13. Kxg2 Bg5 14. Bd6 Be7 15. Bxe7 Qxe7 16. f4 Rfd8 17. e4 dxe4 18. Nxe4 Nf6 19. Re1 Nxe4 20. Rxe4 Qd7 21. Qe2 a5 22. Rd1 a4 23. b4 b5 24. f5 exf5 25. Re7 Qc8 26. cxb5 cxb5 27. d5 Rd7 28. d6 Kf8 29. Rd5 1/2-1/2

[Event "Heraklion op 17th"]
[Site "Heraklion"]
[Date "2016.05.04"]
[Round "4"]
[White "Lirindzakis, Timotheos"]
[Black "Koumis, Filippos"]
[Result "0-1"]
[WhiteElo "2221"]
[BlackElo "1683"]
[PlyCount "52"]
[EventDate "2016.05.02"]
[EventType "swiss"]
[EventRounds "9"]
[EventCountry "GRE"]
[SourceTitle "CBM 172 Extra"]
[Source "ChessBase"]
[SourceDate "2016.06.21"]
[SourceVersion "1"]
[SourceVersionDate "2016.06.21"]
[SourceQuality "1"]

1. d4 Nf6 2. c4 g6 3. Nc3 Bg7 4. e4 d6 5. Nf3 0-0 6. Be2 e5 7. 0-0 Nc6 8. d5 Ne7 9. Ne1 Ne8 10. Be3 f5 11. f3 f4 12. Bf2 g5 13. c5 Nf6 14. Nd3 Ng6 15. Kh1 Rf7 16. Rc1 Bf8 17. Nb5 g4 18. cxd6 cxd6 19. Qc2 g3 20. Nc7 Nh5 21. Nxa8 Qh4 22. Bg1 Ne7 23. Nc7 Rf6 24. Ne6 Rh6 25. Qc7 gxh2 26. Bxh2 Ng3+ 0-1

[Event "Heraklion op 16th"]
[Site "Heraklion"]
[Date "2016.01.06"]
[Round "5"]
[White "Koumis, Filippos"]
[Black "Fragiadakis, Emanouel"]
[Result "0-1"]
[WhiteElo "1681"]
[BlackElo "1865"]
[PlyCount "96"]
[EventDate "2016.01.03"]
[EventType "swiss"]
[EventRounds "9"]
[EventCountry "GRE"]
[SourceTitle "EXT 2024"]
[Source "ChessBase"]
[SourceDate "2023.10.10"]
[SourceVersion "1"]
[SourceVersionDate "2023.10.10"]
[SourceQuality "1"]

1. e4 e5 2. Nf3 Nc6 3. Bb5 Nf6 4. 0-0 Nxe4 5. Re1 Nd6 6. Nxe5 Be7 7. Bf1 0-0 8. d4 Nxe5 9. dxe5 Nf5 10. Nc3 d6 11. Bf4 Be6 12. Qd3 dxe5 13. Rxe5 Qxd3 14. Bxd3 Nd6 15. Rae1 c6 16. R5e2 Rfd8 17. b3 Bf6 18. Be5 Bxe5 19. Rxe5 Re8 20. f3 Bd7 21. Rxe8+ Rxe8 22. Rxe8+ Bxe8 23. Kf2 Kf8 24. Ke3 Ke7 25. g4 h6 26. h4 Bd7 27. Ne4 b6 28. Nxd6 Kxd6 29. Kf4 Be6 30. g5 hxg5+ 31. hxg5 c5 32. g6 f6 33. Ke3 Ke5 34. f4+ Kd6 35. f5 Bd7 36. Kf4 b5 37. c3 a5 38. a3 b4 39. axb4 cxb4 40. cxb4 axb4 41. Bc4 Bc6 42. Bg8 Bd5 43. Bf7 Bxf7 44. gxf7 Ke7 45. Kg4 Kxf7 46. Kh5 g6+ 47. Kg4 g5 48. Kf3 Ke7 0-1

[Event "Heraklio SOI op 11th"]
[Site "Heraklion"]
[Date "2014.04.26"]
[Round "6"]
[White "Eleftherakis, Panagiotis"]
[Black "Koumis, Filippos"]
[Result "1/2-1/2"]
[WhiteElo "1624"]
[BlackElo "1701"]
[PlyCount "33"]
[EventDate "2014.04.21"]
[EventType "swiss"]
[EventRounds "7"]
[EventCountry "GRE"]
[SourceTitle "EXT 2024"]
[Source "ChessBase"]
[SourceDate "2023.10.10"]
[SourceVersion "1"]
[SourceVersionDate "2023.10.10"]
[SourceQuality "1"]

1. d4 Nf6 2. Nf3 d5 3. e3 e6 4. Bd3 Bd6 5. Nbd2 Nbd7 6. b3 0-0 7. Bb2 b6 8. 0-0 Bb7 9. Ne5 Ne4 10. f3 Nxd2 11. Qxd2 Nxe5 12. dxe5 Be7 13. Rad1 a5 14. a4 Ba6 15. Bxa6 Rxa6 16. Qd3 Ra8 17. c4 1/2-1/2

[Event "Heraklio SOI op 11th"]
[Site "Heraklion"]
[Date "2014.04.23"]
[Round "4"]
[White "Mardoyan Ararat, T Artur"]
[Black "Koumis, Filippos"]
[Result "1/2-1/2"]
[WhiteElo "1419"]
[BlackElo "1701"]
[PlyCount "39"]
[EventDate "2014.04.21"]
[EventType "swiss"]
[EventRounds "7"]
[EventCountry "GRE"]
[SourceTitle "EXT 2024"]
[Source "ChessBase"]
[SourceDate "2023.10.10"]
[SourceVersion "1"]
[SourceVersionDate "2023.10.10"]
[SourceQuality "1"]

1. e4 c5 2. Nf3 d6 3. d4 cxd4 4. Nxd4 Nf6 5. Nc3 a6 6. a4 e5 7. Nb3 Be6 8. Be3 Be7 9. Nd2 d5 10. exd5 Nxd5 11. Nxd5 Qxd5 12. Nc4 Nc6 13. Qxd5 Bxd5 14. Nb6 Rd8 15. Nxd5 Rxd5 16. Bc4 Rd7 17. 0-0 0-0 18. Bb6 Bd8 19. Bc5 Be7 20. Bb6 1/2-1/2

[Event "Iraklio SOI op-A 8th"]
[Site "Iraklio"]
[Date "2013.05.07"]
[Round "2"]
[White "Aggelakis, Ilias"]
[Black "Koumis, Filippos"]
[Result "0-1"]
[WhiteElo "1005"]
[BlackElo "1717"]
[PlyCount "44"]
[EventDate "2013.05.06"]
[EventType "swiss"]
[EventRounds "7"]
[EventCountry "GRE"]
[SourceTitle "EXT 2024"]
[Source "ChessBase"]
[SourceDate "2023.10.10"]
[SourceVersion "1"]
[SourceVersionDate "2023.10.10"]
[SourceQuality "1"]

1. e4 e5 2. Nf3 Nc6 3. Bc4 Bc5 4. 0-0 Nf6 5. Nc3 d6 6. d3 h6 7. h3 0-0 8. Qe2 a6 9. Be3 Bxe3 10. Qxe3 Be6 11. Bxe6 fxe6 12. Rfe1 Qe8 13. a3 Nh5 14. Ne2 Qg6 15. Nd2 Nd4 16. Nxd4 exd4 17. Qxd4 Nf4 18. g3 Nxh3+ 19. Kh1 Rxf2 20. Qe3 Qh5 21. Nf1 Nf4+ 22. Kg1 Rg2# 0-1

[Event "Heraklion SOI op 5th"]
[Site "Heraklion"]
[Date "2012.04.20"]
[Round "5"]
[White "Koumis, Filippos"]
[Black "Sfinias, Nektarios"]
[Result "1-0"]
[WhiteElo "1762"]
[BlackElo "1220"]
[PlyCount "53"]
[EventDate "2012.04.17"]
[EventType "swiss"]
[EventRounds "7"]
[EventCountry "GRE"]
[SourceTitle "EXT 2024"]
[Source "ChessBase"]
[SourceDate "2023.10.10"]
[SourceVersion "1"]
[SourceVersionDate "2023.10.10"]
[SourceQuality "1"]

1. e4 c5 2. Nf3 e6 3. d4 cxd4 4. Nxd4 a6 5. c4 g6 6. Nc3 Bg7 7. Be3 Ne7 8. Qd2 d6 9. Be2 Nbc6 10. Nb3 Qc7 11. 0-0 Bd7 12. Rfd1 Nc8 13. c5 dxc5 14. Nxc5 Nb8 15. Rac1 Bc6 16. Bg4 0-0 17. Bxe6 Re8 18. Bd5 Ne7 19. Bd4 b5 20. Bxg7 Kxg7 21. Qd4+ Kg8 22. Nd3 Qb7 23. Ne5 Bxd5 24. Ng4 Nbc6 25. Nh6+ Kf8 26. Qh8+ Ng8 27. Nxd5 1-0

[Event "Heraklion 3rd op A"]
[Site "Heraklion"]
[Date "2011.09.07"]
[Round "3"]
[White "Tolias, Fotis"]
[Black "Koumis, Filippos"]
[Result "0-1"]
[WhiteElo "1704"]
[BlackElo "1770"]
[PlyCount "64"]
[EventDate "2011.09.06"]
[EventType "swiss"]
[EventRounds "7"]
[EventCountry "GRE"]
[SourceTitle "EXT 2024"]
[Source "ChessBase"]
[SourceDate "2023.10.10"]
[SourceVersion "1"]
[SourceVersionDate "2023.10.10"]
[SourceQuality "1"]

1. e4 c6 2. d4 d5 3. Nc3 dxe4 4. Nxe4 Bf5 5. Ng3 Bg6 6. Nf3 e6 7. h4 h6 8. h5 Bh7 9. Bd3 Bxd3 10. Qxd3 Nf6 11. Be3 Qa5+ 12. c3 Nbd7 13. Qc4 Bd6 14. 0-0-0 0-0 15. Kb1 Nd5 16. Ne4 Be7 17. g4 b5 18. Qd3 b4 19. c4 b3 20. cxd5 Qxa2+ 21. Kc1 cxd5 22. Nc3 Rfc8 23. Bd2 Nb6 24. Rde1 Na4 25. Kd1 Nxb2+ 26. Ke2 Nxd3 27. Nxa2 Nxe1 28. Rxe1 bxa2 29. Ra1 Rc2 30. Kd3 Rac8 31. Ne1 Rb2 32. Bc3 Rb3 0-1

[Event "Heraklion op 7th"]
[Site "Heraklion"]
[Date "2011.08.06"]
[Round "1"]
[White "Koumis, Filippos"]
[Black "Tassopoulos, Marios"]
[Result "0-1"]
[WhiteElo "1794"]
[BlackElo "2196"]
[PlyCount "59"]
[EventDate "2011.08.06"]
[EventType "swiss"]
[EventRounds "9"]
[EventCountry "GRE"]
[SourceTitle "CBM 144 Extra"]
[Source "ChessBase"]
[SourceDate "2011.10.28"]
[SourceVersion "1"]
[SourceVersionDate "2011.10.28"]
[SourceQuality "1"]

1. e4 c5 2. Nf3 e6 3. d4 cxd4 4. Nxd4 Nc6 5. Nc3 Qc7 6. Be3 a6 7. Qd2 Nf6 8. f3 Bb4 9. a3 Be7 10. f4 d6 11. Nb3 b5 12. Be2 Bb7 13. Bf3 0-0 14. 0-0-0 b4 15. axb4 Nxb4 16. Qd4 a5 17. Rd2 Rfc8 18. Kb1 d5 19. Qb6 Qxb6 20. Bxb6 dxe4 21. Be2 a4 22. Nc1 a3 23. bxa3 Nbd5 24. Nxd5 Nxd5 25. Bd4 Rxa3 26. Bb2 Raa8 27. Rhd1 Bb4 28. Rd4 Nc3+ 29. Bxc3 Bxc3 30. Nb3 0-1

[Event "Heraklion Galaxy op 1st"]
[Site "Heraklion"]
[Date "2011.01.08"]
[Round "6"]
[White "Papadopoulos, Giorgios1111"]
[Black "Koumis, Filippos"]
[Result "1-0"]
[WhiteElo "1515"]
[BlackElo "1788"]
[PlyCount "51"]
[EventDate "2011.01.04"]
[EventType "swiss"]
[EventRounds "7"]
[EventCountry "GRE"]
[SourceTitle "EXT 2024"]
[Source "ChessBase"]
[SourceDate "2023.10.10"]
[SourceVersion "1"]
[SourceVersionDate "2023.10.10"]
[SourceQuality "1"]

1. d4 d5 2. c4 e6 3. Nc3 Nf6 4. Nf3 Nbd7 5. Bg5 h6 6. Bh4 Be7 7. cxd5 exd5 8. e3 0-0 9. Be2 c6 10. 0-0 Re8 11. Qb3 g5 12. Bg3 Nh5 13. Be5 g4 14. Ne1 Nxe5 15. dxe5 Qc7 16. Nd3 Bf5 17. f4 gxf3 18. Rxf3 Bxd3 19. Bxd3 Qxe5 20. Raf1 Bd6 21. Rh3 Nf6 22. Qd1 d4 23. exd4 Qxd4+ 24. Kh1 Re3 25. Bh7+ Nxh7 26. Qxd4 1-0

[Event "Heraklion Galaxy op 1st"]
[Site "Heraklion"]
[Date "2011.01.05"]
[Round "3"]
[White "Koumis, Filippos"]
[Black "Kounalakis, Evryklis"]
[Result "1/2-1/2"]
[WhiteElo "1788"]
[BlackElo "2173"]
[PlyCount "63"]
[EventDate "2011.01.04"]
[EventType "swiss"]
[EventRounds "7"]
[EventCountry "GRE"]
[SourceTitle "EXT 2024"]
[Source "ChessBase"]
[SourceDate "2023.10.10"]
[SourceVersion "1"]
[SourceVersionDate "2023.10.10"]
[SourceQuality "1"]

1. d4 d5 2. g3 Nf6 3. Bg2 c6 4. Nf3 Bg4 5. 0-0 Nbd7 6. c4 e6 7. Nc3 Bd6 8. b3 0-0 9. Bb2 h6 10. Re1 Bf5 11. Nd2 Re8 12. a3 Bf8 13. f4 c5 14. e3 Nb6 15. e4 Bg4 16. Qc2 cxd4 17. Nb5 Bc5 18. cxd5 Rc8 19. Qd3 exd5 20. e5 Ne4 21. Nxe4 dxe4 22. Bxe4 Qd7 23. Nd6 Bxd6 24. exd6 Qxd6 25. Qxd4 Qxd4+ 26. Bxd4 Be6 27. Bxb7 Rb8 28. Bg2 Bxb3 29. Rxe8+ Rxe8 30. Rb1 Be6 31. Bxb6 axb6 32. Rxb6 1/2-1/2